00432nam a2200169Ia 4500003000400000005001700004008004100021020001800062050002200080100002400102245004700126260003500173300003300208440000600241521000700247526000800254OSt20140314150310.0140130s9999 xx 000 0 und d a9780439696753 aQB 44b.T942 2004 aTurnbull, Stephanie aSun, moon and stars /cStephanie Turnbull. bScholastic,c2004.aNew York : a32 p. :bcol. ill. ;c19 cm. v1 aG4 c660